Animal farm : (Record no. 288074)
[ view plain ]
| 000 -LEADER | |
|---|---|
| fixed length control field | 00464nam a2200133Ia 4500 |
| 008 - FIXED-LENGTH DATA ELEMENTS--GENERAL INFORMATION | |
| fixed length control field | 150610s9999 xx 000 0 und d |
| 020 ## - INTERNATIONAL STANDARD BOOK NUMBER | |
| International Standard Book Number | 9780451526341 |
| 050 ## - LIBRARY OF CONGRESS CALL NUMBER | |
| Classification number | PR6029 |
| Item number | .R8 .Or9a 1996 |
| 100 ## - MAIN ENTRY--PERSONAL NAME | |
| Personal name | Orwell, George, 1903-1950 |
| 245 ## - TITLE STATEMENT | |
| Title | Animal farm : |
| Remainder of title | a fairy story / |
| Statement of responsibility, etc | by George Orwell ; preface by Russell Baker ; introduction by C.M. Woodhouse. |
| 260 ## - PUBLICATION, DISTRIBUTION, ETC. (IMPRINT) | |
| Place of publication, distribution, etc | New York : |
| Name of publisher, distributor, etc | Signet Classic, |
| Date of publication, distribution, etc | 1996. |
| 300 ## - PHYSICAL DESCRIPTION | |
| Extent | 140pages ; |
| Dimensions | 18 cm. |
| 520 ## - SUMMARY, ETC. | |
| Summary, etc | Fiction. |
| Withdrawn status | Lost status | Damaged status | Home library | Current library | Shelving location | Date acquired | Total Checkouts | Full call number | Barcode | Date last seen | Price effective from | Koha item type |
|---|---|---|---|---|---|---|---|---|---|---|---|---|
| Stonyhurst Southville International School (Batangas) | Stonyhurst Southville International School (Batangas) | High School Section | 06/10/2015 | PR6029.R8 .Or9a 1996 | US-1601 | 06/10/2015 | 06/10/2015 | Books |